Central Library OPAC University of Rajshahi

Preface to philosophy : (Record no. 1028)

MARC details
000 -LEADER
fixed length control field 00817nam a22002532a 4500
001 - CONTROL NUMBER
control field 1028
003 - CONTROL NUMBER IDENTIFIER
rucl marc code BD-RjUL
005 - DATE AND TIME OF LATEST TRANSACTION
control field 20211208233251.0
008 - FIXED-LENGTH DATA ELEMENTS--GENERAL INFORMATION
fixed length control field 860101r19661946nyu b 000 0 eng d
035 ## - SYSTEM CONTROL NUMBER
System control number (BD-RjUL)1050
040 ## - CATALOGING SOURCE
Original cataloging agency RETROCON/NYGG (ZYU)
Transcribing agency ZYU
Modifying agency EQO
-- BD-RjUL
Language of cataloging eng
041 ## - LANGUAGE CODE
Language code of text/sound track or separate title eng
082 04 - DEWEY DECIMAL CLASSIFICATION NUMBER
Edition number 16
Classification number 100
Author mark and year HOP
090 ## - LOCALLY ASSIGNED LC-TYPE CALL NUMBER (OCLC); LOCAL CALL NUMBER (OCLC)
Classification number (OCLC) (R) ; Classification number, CALL (RLIN) (NR) BD31
Local cutter number (OCLC) ; Book number/undivided call number, CALL (RLIN) .H66
100 1# - MAIN ENTRY--PERSONAL NAME
Personal name Hoople, Ross Earle.
9 (RLIN) 3027
245 10 - TITLE STATEMENT
Title Preface to philosophy :
Remainder of title book of readings /
Statement of responsibility, etc. [by] Ross Earle Hoople, Raymond Frank Piper [and] William Pearson Tolley
260 ## - PUBLICATION, DISTRIBUTION, ETC. (IMPRINT)
Place of publication, distribution, etc. New York :
Name of publisher, distributor, etc. The Macmillan company,
Date of publication, distribution, etc. 1947 [c1946]
300 ## - PHYSICAL DESCRIPTION
Pagination xii, 513 p. ;
Size 22 cm
504 ## - BIBLIOGRAPHY, ETC. NOTE
Bibliography, etc Bibliographical foot-notes.
650 #0 - SUBJECT ADDED ENTRY--TOPICAL TERM
Topical term or geographic name as entry element Philosophy
9 (RLIN) 3028
700 1# - ADDED ENTRY--PERSONAL NAME
Personal name Piper, Raymond Frank.
Personal name Tolley, William Pearson,
Dates associated with a name 1900-
942 ## - ADDED ENTRY ELEMENTS (KOHA)
Source of classification or shelving scheme Dewey Decimal Classification
Koha item type Books
Holdings
Lost status Source of classification or shelving scheme Damaged status Not for loan Collection code Permanent Location Current Location Shelving location Date acquired Source of acquisition Cost, normal purchase price Total Checkouts Full call number Date last seen Copy number Koha item type
  Dewey Decimal Classification   Not For Loan Non-fiction Central Library, University of Rajshahi Central Library, University of Rajshahi Reading Room 28/12/1968 Zeithinger 65.00   100 HOP 1966 24/11/2013 C-1 Books